<?xml version="1.0" encoding="UTF-8"?>
<record
    xmlns:xsi="http://www.w3.org/2001/XMLSchema-instance"
    xsi:schemaLocation="http://www.loc.gov/MARC21/slim http://www.loc.gov/standards/marcxml/schema/MARC21slim.xsd"
    xmlns="http://www.loc.gov/MARC21/slim">

  <leader>00742nab a2200217uuc4500</leader>
  <controlfield tag="001">1207337</controlfield>
  <controlfield tag="005">20240313092613.0</controlfield>
  <controlfield tag="008">100715s2010                        spa  </controlfield>
  <datafield tag="035" ind1=" " ind2=" ">
    <subfield code="a">1207337</subfield>
  </datafield>
  <datafield tag="035" ind1=" " ind2=" ">
    <subfield code="a">(OCoLC)820549154</subfield>
  </datafield>
  <datafield tag="040" ind1=" " ind2=" ">
    <subfield code="c">comduadb</subfield>
  </datafield>
  <datafield tag="041" ind1=" " ind2=" ">
    <subfield code="a">spa</subfield>
  </datafield>
  <datafield tag="100" ind1="1" ind2="0">
    <subfield code="a">Bonilla Gonz&#xE1;lez, Ricardo</subfield>
    <subfield code="4">aut</subfield>
    <subfield code="0">(isni)0000 0000 3201 6323</subfield>
    <subfield code="0">(viaf)70633806</subfield>
    <subfield code="e">aut</subfield>
    <subfield code="9">239289</subfield>
  </datafield>
  <datafield tag="245" ind1="1" ind2="0">
    <subfield code="a">Empleo, eje central del programa econ&#xF3;mico</subfield>
  </datafield>
  <datafield tag="260" ind1=" " ind2=" ">
    <subfield code="c">2010.</subfield>
  </datafield>
  <datafield tag="650" ind1=" " ind2=" ">
    <subfield code="a">Uribe V&#xE9;lez, Alvaro, 1952 - Pol&#xED;tica y gobierno</subfield>
    <subfield code="9">107287</subfield>
  </datafield>
  <datafield tag="650" ind1=" " ind2="0">
    <subfield code="a">Desempleo</subfield>
    <subfield code="z">Colombia</subfield>
    <subfield code="9">7191</subfield>
  </datafield>
  <datafield tag="650" ind1=" " ind2=" ">
    <subfield code="a">Pol&#xED;tica de empleo - Colombia</subfield>
    <subfield code="9">45283</subfield>
  </datafield>
  <datafield tag="773" ind1="0" ind2=" ">
    <subfield code="t">Revista Foro (Santaf&#xE9; de Bogot&#xE1;)</subfield>
    <subfield code="g">No. 70, May. 2010, p. 64-72</subfield>
    <subfield code="w">6971</subfield>
    <subfield code="x">0121-2559</subfield>
    <subfield code="0">4662</subfield>
  </datafield>
  <datafield tag="942" ind1=" " ind2=" ">
    <subfield code="c">ARIMP</subfield>
  </datafield>
  <datafield tag="999" ind1=" " ind2=" ">
    <subfield code="c">558797</subfield>
    <subfield code="d">558797</subfield>
  </datafield>
</record>
